<?xml version="1.0" encoding="UTF-8"?>
<record
    xmlns:xsi="http://www.w3.org/2001/XMLSchema-instance"
    xsi:schemaLocation="http://www.loc.gov/MARC21/slim http://www.loc.gov/standards/marcxml/schema/MARC21slim.xsd"
    xmlns="http://www.loc.gov/MARC21/slim">

  <leader>02287nam a22003497u 4500</leader>
  <controlfield tag="001">pwiiw5809</controlfield>
  <controlfield tag="003">OSt</controlfield>
  <controlfield tag="005">20260517120303.0</controlfield>
  <controlfield tag="008">210531t2021    au ||||| |||| 00| ||eng d</controlfield>
  <datafield tag="040" ind1=" " ind2=" ">
    <subfield code="c">OSt</subfield>
  </datafield>
  <datafield tag="041" ind1=" " ind2=" ">
    <subfield code="a">eng</subfield>
  </datafield>
  <datafield tag="100" ind1="1" ind2=" ">
    <subfield code="a">Mara, Isilda</subfield>
  </datafield>
  <datafield tag="245" ind1="1" ind2="0">
    <subfield code="a">wiiw - POLMIG Database: An Inventory of Migration Policy Changes in Europe, 2013-2019</subfield>
  </datafield>
  <datafield tag="260" ind1=" " ind2=" ">
    <subfield code="a">Wien :</subfield>
    <subfield code="b">Wiener Institut f&#xFC;r Internationale Wirtschaftsvergleiche (wiiw),</subfield>
    <subfield code="c">2021.</subfield>
  </datafield>
  <datafield tag="300" ind1=" " ind2=" ">
    <subfield code="a">19 S., </subfield>
    <subfield code="b">4 Tables and 3 Diagrams,</subfield>
    <subfield code="c">30cm.</subfield>
  </datafield>
  <datafield tag="490" ind1="1" ind2=" ">
    <subfield code="a">wiiw Statistical Reports</subfield>
    <subfield code="v">10</subfield>
  </datafield>
  <datafield tag="520" ind1=" " ind2=" ">
    <subfield code="a">The following work has been conducted with the aim of providing detailed information on migration policy changes implemented in Europe between 2013 and 2019. It examines new measures, laws and regulations grouped by policy area, target group and typology of policy change. It provides detailed, categorized and sub-categorized changes in migration policies, including both immigration and emigration policies. The following database offers numerous possibilities for further investigation and in-depth analyses of migration policy changes in a systematic way across time and EU countries.

Database

POLMIG database is an inventory of migration policy changes implemented in Europe between 2013 and 2019. It provides detailed information about more than 700 new measures, laws and migration related regulations implemented in 23 out of 28 EU countries (the Baltic states, Malta and Cyprus are not included). The available information is provided in a structured and harmonised format that is comparable across countries. For the compilation of the database financial support of the Oesterreichische Nationalbank (Austrian Central Bank, Anniversary Fund, Project number: 18047) is gratefully acknowledged.

If you would like to obtain the database please contact wiiw.
</subfield>
  </datafield>
  <datafield tag="650" ind1=" " ind2=" ">
    <subfield code="a">migration</subfield>
  </datafield>
  <datafield tag="650" ind1=" " ind2=" ">
    <subfield code="a">immigration</subfield>
  </datafield>
  <datafield tag="650" ind1=" " ind2=" ">
    <subfield code="a">emigration</subfield>
  </datafield>
  <datafield tag="650" ind1=" " ind2=" ">
    <subfield code="a">database</subfield>
  </datafield>
  <datafield tag="650" ind1=" " ind2=" ">
    <subfield code="a">Europe</subfield>
  </datafield>
  <datafield tag="650" ind1=" " ind2=" ">
    <subfield code="a">policy change</subfield>
  </datafield>
  <datafield tag="651" ind1=" " ind2=" ">
    <subfield code="a">European Union</subfield>
  </datafield>
  <datafield tag="651" ind1=" " ind2=" ">
    <subfield code="a">Norway</subfield>
  </datafield>
  <datafield tag="651" ind1=" " ind2=" ">
    <subfield code="a">United Kingdom</subfield>
  </datafield>
  <datafield tag="690" ind1=" " ind2=" ">
    <subfield code="a">Labour, Migration and Income Distribution</subfield>
  </datafield>
  <datafield tag="700" ind1="1" ind2=" ">
    <subfield code="a">Kovacevic, Sandra</subfield>
  </datafield>
  <datafield tag="830" ind1=" " ind2="0">
    <subfield code="v">10</subfield>
    <subfield code="w">WIIW0000110</subfield>
    <subfield code="t">wiiw Statistical Reports</subfield>
  </datafield>
  <datafield tag="856" ind1="4" ind2="0">
    <subfield code="u">https://wiiw.ac.at/p-5809.html</subfield>
  </datafield>
  <datafield tag="942" ind1=" " ind2=" ">
    <subfield code="c">P</subfield>
  </datafield>
  <datafield tag="999" ind1=" " ind2=" ">
    <subfield code="c">8929</subfield>
    <subfield code="d">8929</subfield>
  </datafield>
  <datafield tag="952" ind1=" " ind2=" ">
    <subfield code="0">0</subfield>
    <subfield code="1">0</subfield>
    <subfield code="4">0</subfield>
    <subfield code="7">0</subfield>
    <subfield code="a">BIB</subfield>
    <subfield code="b">BIB</subfield>
    <subfield code="c">1</subfield>
    <subfield code="d">2021-05-31</subfield>
    <subfield code="i">pwiiw5809</subfield>
    <subfield code="l">0</subfield>
    <subfield code="o">5.700/10</subfield>
    <subfield code="p">1000010005809</subfield>
    <subfield code="r">2021-05-31 00:00:00</subfield>
    <subfield code="w">2021-06-02</subfield>
    <subfield code="y">P</subfield>
  </datafield>
</record>
